| 000 | 00612nam a2200181 i 4500 | ||
|---|---|---|---|
| 001 | 46095 | ||
| 003 | ES-MaACL | ||
| 005 | 20250828084000.0 | ||
| 007 | t| | ||
| 008 | 030327s1960 fr ||||1| fre d | ||
| 111 | 2 |
_aConférence Internationale de l'Instruction Publique ( _n23ª. _d1960. _cGinebra) _9163 |
|
| 245 | 1 | 2 | _aL'organisation de l'enseignement special pour debiles mentaux. |
| 260 |
_aParis, etc. : _bBureau International d'Education, _c1960. |
||
| 300 |
_a273 p. ; _c25 cm. |
||
| 710 | 2 | 0 |
_aOficina Internacional de Educación _96022 |
| 852 |
_aES-MaACL _jC-18934 _bR.46642 |
||
| 999 |
_c46095 _d46095 |
||